000 00481pab a2200169 454500
008 180718b1996 xxu||||| |||| 00| 0 eng d
100 _aMavalankar, Dileep
245 _aPrimary health care under panchayati raj in Gujarat: perceptions of health service staff
260 _c1996
300 _ap.54-69
362 _aMar
650 _aHealth services - India - Gujarat
650 _aHealth services
700 _aPatel, Vinubhai M.
773 _aSocial Change
909 _a43029
999 _c43029
_d43029